MARC

LEADER 00000nam0a2200000 4500
001 28364
005 20231030202815.0
010 |a 5283011453 
035 |a (RuTPU)RU\TPU\book\28620 
035 |a BOOK00000345 
090 |a 28364 
100 |a 20011209d1992 km y0rusy50 ca 
101 0 |a rus 
102 |a RU 
105 |a a z 000zy 
200 1 |a Релейная защита сети собственных нужд атомных электростанций  |f В. А. Зильберман 
210 |a Москва  |c Энергоатомиздат  |d 1992 
215 |a 122 с.  |c ил. 
225 1 |a Библиотека электромонтера  |v Вып. 642 
610 1 |a энергетика 
610 1 |a атомные электрические станции 
610 1 |a электрооборудование 
610 1 |a релейная защита 
610 1 |a собственные нужды 
675 |a 621.311.25:621.039  |v 3 
700 1 |a Зильберман  |b В. А.  |g Виктор Айзикович 
801 0 |a RU  |b 63413507  |c 20011209  |g PSBO 
801 2 |a RU  |b 63413507  |c 20200916  |g PSBO 
942 |c BK